| 000 | 00559nam a2200193 u 4500 | ||
|---|---|---|---|
| 005 | 20220818063543.0 | ||
| 008 | 160210s2010 r 000 0 eng d | ||
| 020 | _a9789588445045 | ||
| 035 | _aUPN01000208097 | ||
| 049 | _aI | ||
| 050 | 4 |
_aPZ76.3 _bD3.4a |
|
| 100 | 1 |
_aDa Coll, Ivar, _d1962- _932700 |
|
| 245 | 1 | 0 |
_aChigüiro, Abo y Ata / _cIvar Da Coll. |
| 260 |
_aBogotá : _bBebel Libros, _c2010. |
||
| 300 |
_a[25] p. : _bil. col. |
||
| 650 | 0 |
_aCuentos infantiles colombianos _94407 |
|
| 650 | 0 |
_aAnimales _vCuentos y leyendas _9234 |
|
| 905 | _aInfantil | ||
| 999 |
_c180198 _d180198 |
||